| 000 | 00551nam a2200181 4500 | ||
|---|---|---|---|
| 001 | 140194 | ||
| 003 | ES-MaACL | ||
| 005 | 20230906200029.0 | ||
| 007 | t| | ||
| 008 | 070214s1910 sp r ||||1| spa d | ||
| 100 | 1 |
_aSegarra, José. _9105120 |
|
| 245 | 1 | 3 |
_aLa ruta de Hernán Cortés / _cJosé Segarra y Joaquín Juliá. |
| 260 |
_aMadrid : _b[s. n.], _c1910 ( _fImp. Alemana) |
||
| 300 |
_a250 p., XVIII lám. ; _c24 cm. |
||
| 500 | _aPrecede al tít.: 1519-1910 Pro Patria. | ||
| 700 | 1 |
_aJuliá, Joaquín. _967226 |
|
| 852 |
_aES-MaACL _jG-8704 |
||
| 999 |
_c140194 _d140194 |
||